Statistics for Red Hot Chili Peppers "Go Robot" Lyrics

Click here to take the quiz!

General Stats

  • This quiz has been taken 7 times
  • The average score is 373 of 387

Answer Stats

Answer% Correct
a
100%
And
100%
and
100%
anymore
100%
Anymore
100%
are
100%
be
100%
been
100%
before
100%
buy
100%
called
100%
Can
100%
can
100%
care
100%
cause
100%
choose
100%
confess
100%
Don't
100%
don't
100%
feel
100%
feeling
100%
find
100%
fingers
100%
flow
100%
get
100%
go
100%
I
100%
I'm
100%
in
100%
irreversible
100%
it
100%
it's
100%
I've
100%
just
100%
kin
100%
know
100%
like
100%
make
100%
me
100%
mouth
100%
my
100%
next
100%
not
100%
now
100%
personal
100%
plug
100%
put
100%
robot
100%
Robots
100%
robots
100%
silver
100%
skin
100%
so
100%
Somebody
100%
Sometimes
100%
spank
100%
start
100%
stop
100%
teacher
100%
Tell
100%
terrible
100%
thank
100%
that
100%
the
100%
think
100%
time
100%
to
100%
want
100%
wanted
100%
when
100%
where
100%
will
100%
won't
100%
You
100%
you
100%
your
100%
act
86%
admission
86%
Alice
86%
appears
86%
as
86%
blessed
86%
bodies
86%
cabaret
86%
catch
86%
clothes
86%
come
86%
Cooper
86%
cosplay
86%
cried
86%
decisive
86%
dominoes
86%
each
86%
flagrant
86%
for
86%
from
86%
got
86%
growl
86%
hard
86%
her
86%
Her
86%
high
86%
hit
86%
holiday
86%
hollered
86%
hooted
86%
kissing
86%
left
86%
let
86%
Let's
86%
looked
86%
low
86%
of
86%
other
86%
Our
86%
party
86%
position
86%
sentimental
86%
She
86%
she
86%
simple
86%
somehow
86%
spoke
86%
such
86%
sweet
86%
take
86%
these
86%
they
86%
things
86%
this
86%
throwing
86%
tone
86%
towel
86%
trooper
86%
turn
86%
two
86%
unbearable
86%
upon
86%
use
86%
vowel
86%
we
86%
welcoming
86%
we're
86%
You've
86%
obey
71%
what
71%
fowel
0%

Score Distribution

Percentile by Number Answered

Percent of People with Each Score

Your Score History

You have not taken this quiz